Architectural drafting & design. (4th ed.) (Record no. 34742)
[ view plain ]
| 000 -LEADER | |
|---|---|
| fixed length control field | 00738nam a2200205 a 4500 |
| 008 - FIXED-LENGTH DATA ELEMENTS--GENERAL INFORMATION | |
| fixed length control field | 120620s2004 ||||||||||||||||| || u |
| 020 ## - INTERNATIONAL STANDARD BOOK NUMBER | |
| International Standard Book Number | 0766815463 |
| 050 ## - LIBRARY OF CONGRESS CALL NUMBER | |
| Classification number | NA 2700 Jef |
| 100 ## - MAIN ENTRY--PERSONAL NAME | |
| Personal name | Jefferis, Alan |
| 245 10 - TITLE STATEMENT | |
| Title | Architectural drafting & design. (4th ed.) |
| Statement of responsibility, etc. | by Alan Jefferis; David A. Madsen |
| 250 ## - EDITION STATEMENT | |
| Edition statement | 4th ed. |
| 260 ## - PUBLICATION, DISTRIBUTION, ETC. | |
| Place of publication, distribution, etc. | Albany, NY: |
| Name of publisher, distributor, etc. | Delmar |
| Date of publication, distribution, etc. | 2004 |
| 300 ## - PHYSICAL DESCRIPTION | |
| Extent | xix, 954 p.: ill. |
| 350 ## - PRICE (NR) (BK AM CF MU VM SE) [OBSOLETE] | |
| Price | 0.00 |
| 490 ## - SERIES STATEMENT | |
| Series statement | Delmar drafting series |
| 650 #0 - SUBJECT ADDED ENTRY--TOPICAL TERM | |
| Topical term or geographic name entry element | ARCHITECTURAL DRAWING |
| 650 #0 - SUBJECT ADDED ENTRY--TOPICAL TERM | |
| Topical term or geographic name entry element | ARCHITECTS--UNITED STATES--REGISTERS |
| 700 ## - ADDED ENTRY--PERSONAL NAME | |
| Personal name | Madsen, David A |
| 995 ## - RECOMMENDATION 995 [LOCAL, UNIMARC FRANCE] | |
| -- | CBU-MAIN LIBRARY (Kitwe) |
| -- | 0.00 |
| -- | 1 |
| -- | AVAILABLE |
| -- | Jun 20, 2012 |
| -- | Main Library Open Access Collection |
| Withdrawn status | Lost status | Source of classification or shelving scheme | Damaged status | Not for loan | Home library | Current library | Shelving location | Date acquired | Total Checkouts | Total Renewals | Full call number | Barcode | Date last seen | Date last checked out | Price effective from | Koha item type |
|---|---|---|---|---|---|---|---|---|---|---|---|---|---|---|---|---|
| CBU-MAIN LIBRARY, KITWE. | CBU-MAIN LIBRARY, KITWE. | 11/30/2022 | 8 | 1 | NA 2700 Jef | 742897 | 02/19/2025 | 02/04/2025 | 11/30/2022 | MONOGRAPH |